[Event "TUR-chT 1st League"]
[Site "Konya"]
[Date "2022.08.28"]
[Round "9.1"]
[White "Ozsoy, Alimert"]
[Black "Gokcek, Kursat Bugra"]
[Result "0-1"]
[WhiteElo "2270"]
[BlackElo "2125"]
[PlyCount "116"]
[EventDate "2022.08.22"]
[EventType "team-swiss"]
[EventRounds "9"]
[EventCountry "TUR"]
[SourceTitle "CBM 209 Extra"]
[Source "ChessBase"]
[SourceDate "2022.09.30"]
[SourceVersion "1"]
[SourceVersionDate "2022.09.30"]
[SourceQuality "1"]
[WhiteTeam "Mavisehir Altyapi"]
[BlackTeam "Hukukcu Fenerbahceliler"]
[WhiteTeamCountry "TUR"]
[BlackTeamCountry "TUR"]

1. Nf3 Nf6 2. g3 g6 3. b3 Bg7 4. Bb2 0-0 5. Bg2 c5 6. c4 d6 7. d4 d5 8. cxd5 Nxd5 9. 0-0 Nc6 10. Qd2 cxd4 11. Nxd4 Nxd4 12. Bxd4 Nf4 13. Bxg7 Qxd2 14. Nxd2 Nxe2+ 15. Kh1 Kxg7 16. Rfe1 Nd4 17. Rxe7 Rb8 18. Rc7 Rd8 19. Nf3 Ne6 20. Rc3 Bd7 21. Ne5 Be8 22. Rac1 f6 23. Nc4 b6 24. Ne3 Rd4 25. Rc8 Rxc8 26. Rxc8 Rd8 27. Rxd8 Nxd8 28. Kg1 Bc6 29. Bh3 Kf7 30. Kf1 Be4 31. Bg2 Bxg2+ 32. Kxg2 Ke6 33. Kf3 Nc6 34. Nc2 Kd5 35. Ke3 Kc5 36. a3 a5 37. a4 Ne5 38. h3 Nc6 39. Kd3 f5 40. Kc3 Ne5 41. Ne3 Nf7 42. h4 Ne5 43. h5 Nf3 44. hxg6 hxg6 45. Ng2 Ng5 46. Nh4 Ne4+ 47. Kc2 Nxf2 48. Nxg6 Ne4 49. Nh4 Nxg3 50. Kc3 Ne2+ 51. Kb2 f4 52. Ng6 Kd4 53. b4 f3 54. Nh4 f2 55. Nf3+ Ke3 56. Nh2 Kd3 57. bxa5 bxa5 58. Nf1 Nc3 0-1

[Event "TUR-chT 1st League"]
[Site "Konya"]
[Date "2022.08.23"]
[Round "2.6"]
[White "Ozdemir, Serhan Berat"]
[Black "Ozsoy, Alimert"]
[Result "0-1"]
[WhiteElo "2147"]
[BlackElo "2270"]
[PlyCount "48"]
[EventDate "2022.08.22"]
[EventType "team-swiss"]
[EventRounds "9"]
[EventCountry "TUR"]
[SourceTitle "CBM 209 Extra"]
[Source "ChessBase"]
[SourceDate "2022.09.30"]
[SourceVersion "1"]
[SourceVersionDate "2022.09.30"]
[SourceQuality "1"]
[WhiteTeam "Pamukkale Universiteli"]
[BlackTeam "Mavisehir Altyapi"]
[WhiteTeamCountry "TUR"]
[BlackTeamCountry "TUR"]

1. e4 c5 2. Nf3 d6 3. d4 cxd4 4. Nxd4 Nf6 5. Nc3 a6 6. f3 e5 7. Nb3 h5 8. Be3 Be6 9. Qd2 Nbd7 10. Nd5 Bxd5 11. exd5 g6 12. Na5 Qc7 13. Be2 Bg7 14. c4 e4 15. f4 Ng4 16. Bxg4 hxg4 17. 0-0 f5 18. Rab1 Nc5 19. b4 Nd3 20. c5 Qf7 21. Nc4 0-0 22. Nb6 Rad8 23. g3 g5 24. fxg5 Ne5 0-1

[Event "Ankara Baskent Univ op-A 5th"]
[Site "Ankara"]
[Date "2022.07.07"]
[Round "9"]
[White "Ozsoy, Alimert"]
[Black "Caputcuoglu, Zeki Berke"]
[Result "1-0"]
[WhiteElo "2263"]
[BlackElo "2203"]
[PlyCount "63"]
[EventDate "2022.07.02"]
[EventType "swiss"]
[EventRounds "9"]
[EventCountry "TUR"]
[SourceTitle "CBM 209 Extra"]
[Source "ChessBase"]
[SourceDate "2022.09.30"]
[SourceVersion "1"]
[SourceVersionDate "2022.09.30"]
[SourceQuality "1"]

1. e4 c5 2. Nf3 d6 3. d4 cxd4 4. Nxd4 Nf6 5. Nc3 g6 6. Be3 a6 7. f3 h5 8. Qd2 Nbd7 9. 0-0-0 b5 10. a4 bxa4 11. Nxa4 Bb7 12. Nb3 Bc6 13. Nc3 Bg7 14. Nd5 a5 15. Nd4 Bb7 16. Bb5 Rc8 17. Bg5 Nxd5 18. exd5 0-0 19. Rhe1 Nc5 20. Kb1 Qb6 21. c4 Ra8 22. Bh6 Bf6 23. Bxf8 Kxf8 24. g4 h4 25. g5 Bg7 26. Qf4 Bc8 27. Ne6+ Bxe6 28. dxe6 Nxe6 29. Rxe6 Qf2 30. Rd2 Qg1+ 31. Ka2 a4 32. Rxe7 1-0

[Event "Ankara Baskent Univ op-A 5th"]
[Site "Ankara"]
[Date "2022.07.06"]
[Round "7"]
[White "Dedebas, Emre Emin"]
[Black "Ozsoy, Alimert"]
[Result "1/2-1/2"]
[WhiteElo "2321"]
[BlackElo "2263"]
[PlyCount "22"]
[EventDate "2022.07.02"]
[EventType "swiss"]
[EventRounds "9"]
[EventCountry "TUR"]
[SourceTitle "CBM 209 Extra"]
[Source "ChessBase"]
[SourceDate "2022.09.30"]
[SourceVersion "1"]
[SourceVersionDate "2022.09.30"]
[SourceQuality "1"]

1. e4 e5 2. Nf3 Nc6 3. Bb5 a6 4. Bxc6 dxc6 5. 0-0 Qf6 6. d4 exd4 7. Qxd4 Qxd4 8. Nxd4 Bd7 9. Nc3 0-0-0 10. Be3 f6 11. Rad1 Bd6 1/2-1/2

[Event "Ankara Baskent Univ op-A 5th"]
[Site "Ankara"]
[Date "2022.07.03"]
[Round "2"]
[White "Zor, Alber Kadir"]
[Black "Ozsoy, Alimert"]
[Result "1-0"]
[WhiteElo "2116"]
[BlackElo "2263"]
[PlyCount "71"]
[EventDate "2022.07.02"]
[EventType "swiss"]
[EventRounds "9"]
[EventCountry "TUR"]
[SourceTitle "CBM 209 Extra"]
[Source "ChessBase"]
[SourceDate "2022.09.30"]
[SourceVersion "1"]
[SourceVersionDate "2022.09.30"]
[SourceQuality "1"]

1. Nf3 d5 2. g3 Nf6 3. Bg2 c6 4. 0-0 Bg4 5. h3 Bxf3 6. Bxf3 e5 7. d3 Bc5 8. e4 dxe4 9. dxe4 Qxd1 10. Rxd1 Nbd7 11. Nd2 0-0-0 12. a4 Nf8 13. Re1 Ne6 14. Nb3 Be7 15. Be3 c5 16. c3 Kb8 17. Nd2 Nd7 18. Bg4 Ndf8 19. Nc4 f6 20. Rad1 Rxd1 21. Rxd1 h5 22. Be2 h4 23. Bg4 g6 24. f4 Ng7 25. Nd6 Bxd6 26. Rxd6 f5 27. Bf3 Nfe6 28. exf5 gxf5 29. fxe5 hxg3 30. Rd7 Rd8 31. Rxd8+ Nxd8 32. Kg2 Nde6 33. Kxg3 Kc7 34. h4 b6 35. h5 Nf8 36. Bh6 1-0

[Event "Ayvalik Argistra"]
[Site "Ayvalik"]
[Date "2022.02.15"]
[Round "2"]
[White "Delchev, Aleksander"]
[Black "Ozsoy, Alimert"]
[Result "1-0"]
[WhiteElo "2486"]
[BlackElo "2342"]
[PlyCount "39"]
[EventDate "2022.02.14"]
[EventType "schev"]
[EventRounds "9"]
[EventCountry "TUR"]
[SourceTitle "CBM 206 Extra"]
[Source "ChessBase"]
[SourceDate "2022.03.31"]
[SourceVersion "1"]
[SourceVersionDate "2022.03.31"]
[SourceQuality "1"]
[WhiteTeam "Team B"]
[BlackTeam "Team D"]
[WhiteTeamCountry "TUR"]
[BlackTeamCountry "TUN"]

1. d4 d5 2. c4 c6 3. Nf3 Nf6 4. Qb3 dxc4 5. Qxc4 g6 6. Nc3 Bg7 7. e4 0-0 8. Be2 Qa5 9. b4 Qb6 10. Rb1 a5 11. b5 cxb5 12. Rxb5 Qa7 13. e5 Nfd7 14. h4 e6 15. h5 b6 16. hxg6 hxg6 17. Ng5 Ba6 18. Qd3 Rc8 19. Qh3 Nf8 20. Nge4 1-0

[Event "Ayvalik Argistra"]
[Site "Ayvalik"]
[Date "2022.02.14"]
[Round "1"]
[White "Ozsakallioglu, Okan"]
[Black "Ozsoy, Alimert"]
[Result "1/2-1/2"]
[WhiteElo "2270"]
[BlackElo "2342"]
[PlyCount "74"]
[EventDate "2022.02.14"]
[EventType "schev"]
[EventRounds "9"]
[EventCountry "TUR"]
[SourceTitle "CBM 206 Extra"]
[Source "ChessBase"]
[SourceDate "2022.03.31"]
[SourceVersion "1"]
[SourceVersionDate "2022.03.31"]
[SourceQuality "1"]
[WhiteTeam "Team C"]
[BlackTeam "Team D"]
[WhiteTeamCountry "TUR"]
[BlackTeamCountry "TUN"]

1. d4 d5 2. c4 c6 3. Nf3 Nf6 4. Qa4 e6 5. e3 Nbd7 6. cxd5 exd5 7. Nc3 Bd6 8. Bd3 0-0 9. 0-0 Re8 10. b4 Ne4 11. Qc2 Ndf6 12. b5 Nxc3 13. Qxc3 Ne4 14. Qc2 Qf6 15. bxc6 bxc6 16. Bb2 Qh6 17. Rac1 Rb8 18. Ne5 f6 19. Bxe4 fxe5 20. dxe5 Bc7 21. Bxh7+ Qxh7 22. Qxc6 Be6 23. Qxc7 Rxb2 24. Qxa7 Qf5 25. Rc7 Qxe5 26. Re7 Rxe7 27. Qxe7 Rxa2 28. h3 Ra8 29. Rd1 Rf8 30. Rd4 Qf5 31. Kh2 Qe5+ 32. Kg1 Rb8 33. Rd1 Rb2 34. Qd8+ Kf7 35. Qh4 Qf6 36. Qg3 Ra2 37. Rd4 Kg8 1/2-1/2

[Event "TUR Cup"]
[Site "Antalya"]
[Date "2020.01.30"]
[Round "8"]
[White "Gundogan, Sinem Cagla"]
[Black "Ozsoy, Alimert"]
[Result "0-1"]
[WhiteElo "1808"]
[BlackElo "2211"]
[PlyCount "150"]
[EventDate "2020.01.26"]
[EventType "swiss"]
[EventRounds "11"]
[EventCountry "TUR"]
[SourceTitle "CBM 194 Extra"]
[Source "ChessBase"]
[SourceDate "2020.03.31"]
[SourceVersion "1"]
[SourceVersionDate "2020.03.31"]
[SourceQuality "1"]

1. e4 e5 2. Nf3 Nc6 3. Bc4 Nf6 4. d3 h6 5. 0-0 d6 6. a4 g5 7. Re1 Bg7 8. c3 0-0 9. d4 Bg4 10. dxe5 Nxe5 11. Be2 Bxf3 12. Bxf3 g4 13. Be2 Nxe4 14. Bf4 Qf6 15. Bg3 Nxg3 16. hxg3 h5 17. a5 Qf5 18. Ra4 Rfe8 19. Na3 c6 20. Nc2 d5 21. Rf4 Qg6 22. a6 b6 23. Bf1 Rad8 24. Nd4 Bh6 25. Rf5 Bg7 26. Qd2 f6 27. Bd3 Nxd3 28. Rxe8+ Qxe8 29. Qxd3 c5 30. Ne2 Qe4 31. Qxe4 dxe4 32. Nf4 Rd1+ 33. Kh2 Ra1 34. Nxh5 Rxa6 35. Rd5 Bh8 36. Nf4 Ra2 37. Rd8+ Kh7 38. Rd7+ Kh6 39. Rd8 Bg7 40. Rd5 Bh8 41. Rd8 Bg7 42. Rd7 Rxb2 43. Ne6 Bh8 44. Nf8 Rxf2 45. Rh7+ Kg5 46. Rxh8 Rc2 47. Ne6+ Kf5 48. Nf4 e3 49. Rd8 Rxc3 50. Rd5+ Ke4 51. Rd7 Ra3 52. Nd5 Ke5 53. Nf4 c4 54. Rd5+ Ke4 55. Rd7 c3 56. Re7+ Kf5 57. Rxe3 c2 58. Rxa3 c1Q 59. Rxa7 Qc6 60. Re7 b5 61. Ne2 Qc5 62. Rd7 b4 63. Nf4 Ke4 64. Rd8 b3 65. Re8+ Qe5 66. Rxe5+ fxe5 67. Ne2 Kd3 68. Nc1+ Kc2 69. Nxb3 Kxb3 70. Kg1 Kc2 71. Kf1 Kd2 72. Kf2 e4 73. Kf1 e3 74. Kg1 e2 75. Kh2 Ke3 0-1

[Event "TUR-chT 1st League"]
[Site "Konya"]
[Date "2019.07.24"]
[Round "4.9"]
[White "Taspinar, Yanki"]
[Black "Ozsoy, Alimert"]
[Result "0-1"]
[WhiteElo "1938"]
[BlackElo "2087"]
[PlyCount "102"]
[EventDate "2019.07.22"]
[EventType "team-swiss"]
[EventRounds "9"]
[EventCountry "TUR"]
[SourceTitle "CBM 191 Extra"]
[Source "ChessBase"]
[SourceDate "2019.09.30"]
[SourceVersion "1"]
[SourceVersionDate "2019.09.30"]
[SourceQuality "1"]
[WhiteTeam "Salihli Sardes"]
[BlackTeam "Bogazici Universitesi"]
[WhiteTeamCountry "TUR"]
[BlackTeamCountry "TUR"]

1. d4 d5 2. c4 c6 3. Nc3 Nf6 4. e3 e6 5. Nf3 Nbd7 6. Qc2 Be7 7. b3 b6 8. Be2 0-0 9. 0-0 Bb7 10. Bb2 Rc8 11. Rac1 c5 12. Rfd1 dxc4 13. bxc4 cxd4 14. exd4 Bxf3 15. gxf3 Qc7 16. Qd2 Bd6 17. Nb5 Bxh2+ 18. Kh1 Qb8 19. Qd3 Bf4 20. Rc2 Rfd8 21. Qa3 a5 22. Bc1 Nf8 23. Be3 Ng6 24. Rdc1 Nh4 25. Kg1 Bxe3 26. Qxe3 Nf5 27. Qc3 Qf4 28. Rb1 Qh4 29. Bd3 Nh5 30. Bxf5 exf5 31. f4 Rc6 32. Qf3 Rg6+ 33. Kf1 Nxf4 34. Rb3 Qg5 35. Qg3 Qh5 36. Qf3 Qh2 37. Ke1 Ng2+ 38. Kd2 Qh6+ 39. Kc3 Ne1 40. Qxf5 Nxc2 41. Qxc2 Rg1 42. Kb2 Re8 43. c5 Re2 44. Rc3 Qc1+ 45. Kb3 a4+ 46. Kc4 Rxc2 47. c6 Rxc3+ 48. Nxc3 Rg6 49. d5 Qf4+ 50. Kb5 Qd4 51. c7 Qc5+ 0-1

[Event "TUR-chT 1st League"]
[Site "Konya"]
[Date "2019.07.23"]
[Round "2.6"]
[White "Koc, Dogan Mehmet"]
[Black "Ozsoy, Alimert"]
[Result "0-1"]
[WhiteElo "1829"]
[BlackElo "2087"]
[PlyCount "74"]
[EventDate "2019.07.22"]
[EventType "team-swiss"]
[EventRounds "9"]
[EventCountry "TUR"]
[SourceTitle "CBM 191 Extra"]
[Source "ChessBase"]
[SourceDate "2019.09.30"]
[SourceVersion "1"]
[SourceVersionDate "2019.09.30"]
[SourceQuality "1"]
[WhiteTeam "Malatya Yesilyurt"]
[BlackTeam "Bogazici Universitesi"]
[WhiteTeamCountry "TUR"]
[BlackTeamCountry "TUR"]

1. f4 d5 2. Nf3 c5 3. e3 g6 4. d4 cxd4 5. exd4 Bg7 6. Bd3 Nh6 7. 0-0 0-0 8. c3 Nc6 9. Nbd2 Bf5 10. Qe2 a6 11. Bxf5 Nxf5 12. g4 Nd6 13. Ne5 e6 14. b3 Re8 15. a4 f6 16. Nxc6 bxc6 17. Ba3 e5 18. Bxd6 Qxd6 19. dxe5 fxe5 20. f5 e4 21. Rac1 a5 22. g5 gxf5 23. Rxf5 Qg6 24. Qg4 h5 25. Qh3 Rf8 26. Rxf8+ Rxf8 27. Qe3 Rf5 28. h4 Qe6 29. Rf1 Rxf1+ 30. Nxf1 Qg4+ 31. Qg3 Bxc3 32. Qxg4 hxg4 33. Kf2 Be5 34. Kg2 Bf4 35. g6 d4 36. h5 e3 37. h6 d3 0-1

[Event "Paracin Summer op-A 12th"]
[Site "Paracin"]
[Date "2019.07.09"]
[Round "6"]
[White "Ozsoy, Alimert"]
[Black "Krasteva, Beloslava"]
[Result "1/2-1/2"]
[WhiteElo "2087"]
[BlackElo "2327"]
[PlyCount "63"]
[EventDate "2019.07.05"]
[EventType "swiss"]
[EventRounds "9"]
[EventCountry "SRB"]
[SourceTitle "CBM 191 Extra"]
[Source "ChessBase"]
[SourceDate "2019.09.30"]
[SourceVersion "1"]
[SourceVersionDate "2019.09.30"]
[SourceQuality "1"]

1. e4 c5 2. Nf3 d6 3. d4 cxd4 4. Nxd4 Nf6 5. Nc3 a6 6. Bg5 Nbd7 7. Qe2 h6 8. Bh4 g6 9. 0-0-0 Qc7 10. f4 e5 11. fxe5 dxe5 12. Nb3 b5 13. Qf3 Bg7 14. Kb1 0-0 15. a3 Bb7 16. Bd3 Nh5 17. Be7 Rfe8 18. Bb4 Nf4 19. Rhf1 Nf6 20. Ba5 Qc6 21. g3 Nxd3 22. Qxd3 Rac8 23. Rfe1 Qc4 24. Bb4 Qxd3 25. Rxd3 Rcd8 26. Rxd8 Rxd8 27. Be7 Re8 28. Bb4 h5 29. Nc5 Bc8 30. Rd1 Bf8 31. Nd3 Bxb4 32. axb4 1/2-1/2

[Event "Paracin Summer op-A 12th"]
[Site "Paracin"]
[Date "2019.07.09"]
[Round "5"]
[White "Ozsoy, Alimert"]
[Black "Pantelic, Sasa"]
[Result "1-0"]
[WhiteElo "2087"]
[BlackElo "2289"]
[PlyCount "111"]
[EventDate "2019.07.05"]
[EventType "swiss"]
[EventRounds "9"]
[EventCountry "SRB"]
[SourceTitle "CBM 191 Extra"]
[Source "ChessBase"]
[SourceDate "2019.09.30"]
[SourceVersion "1"]
[SourceVersionDate "2019.09.30"]
[SourceQuality "1"]

1. e4 d6 2. d4 Nd7 3. Nf3 Ngf6 4. Nc3 e5 5. Bc4 Be7 6. 0-0 0-0 7. a4 a5 8. Re1 c6 9. h3 Qc7 10. Bg5 Re8 11. Qd2 Nf8 12. Rad1 Ng6 13. d5 c5 14. Nh4 Nxh4 15. Bxh4 Nh5 16. Bxe7 Qxe7 17. Bf1 Nf4 18. Ne2 Nxe2+ 19. Qxe2 Bd7 20. Qc4 Reb8 21. Qb3 Qe8 22. Bb5 Bxb5 23. axb5 Qd7 24. c4 Rf8 25. Qg3 Rae8 26. Qg4 f5 27. exf5 Rxf5 28. Re4 Ref8 29. f3 R8f6 30. Kh2 Qf7 31. Rde1 h5 32. Qh4 Kh7 33. R1e2 b6 34. b3 g5 35. Qe1 Rf4 36. Qg3 Qg6 37. Rxf4 Rxf4 38. Re4 Kh6 39. Rxf4 gxf4 40. Qe1 Kg5 41. h4+ Kf6 42. Qe4 Qg3+ 43. Kg1 Qxh4 44. Qh7 Qe1+ 45. Kh2 Qg3+ 46. Kg1 Qg6 47. Qd7 Kg5 48. Qd8+ Qf6 49. Qxb6 e4 50. fxe4 f3 51. e5 Qxe5 52. Qd8+ Kg4 53. Qg8+ Kh4 54. g3+ Qxg3+ 55. Qxg3+ Kxg3 56. b6 1-0

[Event "Paracin Summer op-A 12th"]
[Site "Paracin"]
[Date "2019.07.06"]
[Round "3"]
[White "Ozsoy, Alimert"]
[Black "Milosevic, Milos"]
[Result "1-0"]
[WhiteElo "2087"]
[BlackElo "2312"]
[PlyCount "59"]
[EventDate "2019.07.05"]
[EventType "swiss"]
[EventRounds "9"]
[EventCountry "SRB"]
[SourceTitle "EXT 2020"]
[Source "ChessBase"]
[SourceDate "2019.10.17"]
[SourceVersion "1"]
[SourceVersionDate "2019.10.17"]
[SourceQuality "1"]

1. e4 c5 2. Nf3 d6 3. d4 cxd4 4. Nxd4 Nf6 5. Nc3 a6 6. Bg5 Nbd7 7. Qe2 h6 8. Bh4 g6 9. f4 e5 10. fxe5 dxe5 11. 0-0-0 Qc7 12. Nb3 b5 13. Qf3 Bg7 14. a3 0-0 15. Bd3 Bb7 16. Rhf1 Rac8 17. Be1 Qb8 18. g4 Qa8 19. h4 Rc7 20. Kb1 Nb6 21. Na5 Nfd7 22. h5 Nc5 23. Nxb7 Qxb7 24. g5 hxg5 25. Qg4 Qc8 26. Qxg5 Ne6 27. Qg1 Nc4 28. hxg6 fxg6 29. Rxf8+ Qxf8 30. Qxg6 1-0

[Event "Veliko Gradiste Silver Lake op"]
[Site "Veliko Gradiste"]
[Date "2019.06.22"]
[Round "8"]
[White "Ninov, Dayan"]
[Black "Ozsoy, Alimert"]
[Result "0-1"]
[WhiteElo "2288"]
[BlackElo "2088"]
[PlyCount "41"]
[EventDate "2019.06.16"]
[EventType "swiss"]
[EventRounds "9"]
[EventCountry "SRB"]
[SourceTitle "CBM 191 Extra"]
[Source "ChessBase"]
[SourceDate "2019.09.30"]
[SourceVersion "1"]
[SourceVersionDate "2019.09.30"]
[SourceQuality "1"]

1. d4 d5 2. c4 c6 3. Nc3 Nf6 4. Nf3 dxc4 5. e3 b5 6. a4 b4 7. Na2 a5 8. Bxc4 e6 9. 0-0 Be7 10. Bd2 Nbd7 11. Nc1 c5 12. Nb3 0-0 13. Qe2 Bb7 14. Rfd1 Qb6 15. Be1 Rfd8 16. Bb5 Rac8 17. Nfd2 Bd5 18. Nc4 Bxc4 19. Bxc4 cxd4 20. Nxd4 Ne5 21. Bb5 0-1

[Event "Veliko Gradiste Silver Lake op"]
[Site "Veliko Gradiste"]
[Date "2019.06.21"]
[Round "7"]
[White "Ozsoy, Alimert"]
[Black "Manojlovic, Sava"]
[Result "1-0"]
[WhiteElo "2088"]
[BlackElo "2024"]
[PlyCount "59"]
[EventDate "2019.06.16"]
[EventType "swiss"]
[EventRounds "9"]
[EventCountry "SRB"]
[SourceTitle "CBM 191 Extra"]
[Source "ChessBase"]
[SourceDate "2019.09.30"]
[SourceVersion "1"]
[SourceVersionDate "2019.09.30"]
[SourceQuality "1"]

1. e4 c5 2. Nf3 a6 3. c4 d6 4. Nc3 Nf6 5. d4 cxd4 6. Nxd4 e6 7. Be2 Nbd7 8. Be3 Qc7 9. 0-0 b6 10. Qc2 Bb7 11. f4 Be7 12. Rad1 Rc8 13. a4 Qb8 14. Rfe1 Qa8 15. Bd3 Nc5 16. Bf2 Nxd3 17. Qxd3 0-0 18. b3 Rfd8 19. Qf3 Qb8 20. g4 Qc7 21. h4 d5 22. exd5 exd5 23. Nf5 Bf8 24. Nxd5 Nxd5 25. cxd5 g6 26. Ng3 Qd7 27. Bxb6 Bxd5 28. Ne4 Bg7 29. Bxd8 Rxd8 30. Qg3 1-0

[Event "Veliko Gradiste Silver Lake op"]
[Site "Veliko Gradiste"]
[Date "2019.06.19"]
[Round "5"]
[White "Ozsoy, Alimert"]
[Black "Hart, Alexander E"]
[Result "1/2-1/2"]
[WhiteElo "2088"]
[BlackElo "1850"]
[PlyCount "109"]
[EventDate "2019.06.16"]
[EventType "swiss"]
[EventRounds "9"]
[EventCountry "SRB"]
[SourceTitle "CBM 191 Extra"]
[Source "ChessBase"]
[SourceDate "2019.09.30"]
[SourceVersion "1"]
[SourceVersionDate "2019.09.30"]
[SourceQuality "1"]

1. e4 e5 2. Nf3 Nc6 3. Bc4 Nf6 4. d3 h6 5. c3 d6 6. Be3 g5 7. Qe2 Bg7 8. Na3 0-0 9. h4 g4 10. Nh2 Ne7 11. f3 Qd7 12. Nxg4 Nxg4 13. fxg4 Qxg4 14. Qxg4 Bxg4 15. Nb5 Rac8 16. Nxa7 Rcd8 17. Nb5 c6 18. Na3 Kh7 19. 0-0 f5 20. g3 b5 21. Be6 Be2 22. exf5 Bxd3 23. g4 h5 24. Bb6 Rb8 25. Bc7 Rb7 26. Bxd6 Bxf1 27. Rxf1 hxg4 28. c4 Rd8 29. c5 Nc8 30. f6 Bf8 31. Bxe5 Bxc5+ 32. Kh1 Re8 33. Bf5+ Kg8 34. Bf4 Nd6 35. Bxg4 Ne4 36. Bf5 Nxf6 37. Rc1 Be3 38. Bxe3 Rxe3 39. Rxc6 Ne4 40. Be6+ Kf8 41. Nc2 Rg3 42. Nd4 Rd3 43. Nf5 Ng3+ 44. Nxg3 Rxg3 45. Bd5 Rd7 46. Rc5 Rh3+ 47. Kg2 Rxh4 48. Rxb5 Rh5 49. Rb8+ Ke7 50. Bc4 Rd2+ 51. Kg3 Rhh2 52. b4 Rxa2 53. b5 Rag2+ 54. Kf3 Kd6 55. Rd8+ 1/2-1/2

[Event "Veliko Gradiste Silver Lake op"]
[Site "Veliko Gradiste"]
[Date "2019.06.17"]
[Round "2"]
[White "Ozsoy, Alimert"]
[Black "Gallevci, Yagiz"]
[Result "1-0"]
[WhiteElo "2088"]
[BlackElo "1903"]
[PlyCount "101"]
[EventDate "2019.06.16"]
[EventType "swiss"]
[EventRounds "9"]
[EventCountry "SRB"]
[SourceTitle "CBM 191 Extra"]
[Source "ChessBase"]
[SourceDate "2019.09.30"]
[SourceVersion "1"]
[SourceVersionDate "2019.09.30"]
[SourceQuality "1"]

1. d4 Nf6 2. Nf3 e6 3. c4 d5 4. Nc3 Be7 5. Bg5 h6 6. Bxf6 Bxf6 7. e3 0-0 8. Be2 dxc4 9. 0-0 c5 10. dxc5 Bxc3 11. Qxd8 Rxd8 12. bxc3 Na6 13. c6 bxc6 14. Bxc4 Nc5 15. Rfd1 Bd7 16. Ne5 Be8 17. Rd4 Kf8 18. Rad1 Ke7 19. Rxd8 Rxd8 20. Rxd8 Kxd8 21. Bb3 f6 22. Nf3 e5 23. Kf1 Ne4 24. c4 Kc7 25. Ke2 Kb6 26. Nd2 Nc5 27. Bc2 Bf7 28. f3 Be6 29. g3 f5 30. h3 g6 31. h4 h5 32. g4 Nb7 33. gxh5 gxh5 34. Kd3 Nd6 35. Kc3 Bf7 36. Bd3 Be6 37. f4 Nf7 38. Be2 exf4 39. exf4 c5 40. Bxh5 Nh6 41. Nf3 Kc7 42. Ne5 Kd8 43. a3 a6 44. Bf3 Kc7 45. h5 Kd6 46. Kb3 Kc7 47. Ka4 Ng4 48. Bxg4 fxg4 49. h6 Kb6 50. h7 Bf5 51. Nd7+ 1-0

[Event "Veliko Gradiste Silver Lake op"]
[Site "Veliko Gradiste"]
[Date "2019.06.17"]
[Round "3"]
[White "Ozsoy, Alimert"]
[Black "Zlatanovic, Boroljub"]
[Result "1/2-1/2"]
[WhiteElo "2088"]
[BlackElo "2393"]
[PlyCount "91"]
[EventDate "2019.06.16"]
[EventType "swiss"]
[EventRounds "9"]
[EventCountry "SRB"]
[SourceTitle "CBM 191 Extra"]
[Source "ChessBase"]
[SourceDate "2019.09.30"]
[SourceVersion "1"]
[SourceVersionDate "2019.09.30"]
[SourceQuality "1"]

1. e4 e6 2. d4 d5 3. Nd2 Nc6 4. Ngf3 Nf6 5. e5 Nd7 6. c3 f6 7. exf6 Qxf6 8. Bd3 Bd6 9. Qc2 e5 10. 0-0 0-0 11. Qb3 exd4 12. Qxd5+ Kh8 13. Ne4 Qf7 14. Qxf7 Rxf7 15. Nxd6 cxd6 16. cxd4 Nf6 17. h3 Nb4 18. Bc4 Rc7 19. Bb3 Nbd5 20. Bd2 Be6 21. Rfe1 Bg8 22. Nh4 g6 23. Rac1 Rac8 24. Rxc7 Rxc7 25. g4 Kg7 26. Kg2 Rd7 27. f4 Re7 28. g5 Nh5 29. Rxe7+ Nxe7 30. Bxg8 Kxg8 31. Kf3 Kf7 32. Ke4 Ng3+ 33. Kf3 Nh5 34. Ke4 Ng3+ 35. Kf3 Ngf5 36. Nxf5 Nxf5 37. d5 Ke7 38. Be3 a6 39. Bf2 Kd7 40. Ke4 Ke7 41. h4 Ng7 42. a3 Kd7 43. Kd3 Nh5 44. Be3 Ng3 45. Kc4 Nf5 46. Bf2 1/2-1/2

[Event "Novi Sad-Turkey"]
[Site "Novi Sad"]
[Date "2018.11.19"]
[Round "4"]
[White "Dragojlovic, Andjelko"]
[Black "Ozsoy, Alimert"]
[Result "0-1"]
[WhiteElo "2288"]
[BlackElo "2079"]
[PlyCount "98"]
[EventDate "2018.11.17"]
[EventType "schev"]
[EventRounds "10"]
[EventCountry "SRB"]
[SourceTitle "CBM 187 Extra"]
[Source "ChessBase"]
[SourceDate "2018.11.04"]
[SourceVersion "1"]
[SourceVersionDate "2018.11.04"]
[SourceQuality "1"]

1. e4 c6 2. Nc3 d5 3. Nf3 Nf6 4. e5 Ne4 5. d3 Nxc3 6. bxc3 Bg4 7. h3 Bxf3 8. Qxf3 e6 9. d4 c5 10. Rb1 Qc7 11. Bd3 Nc6 12. Be3 Rb8 13. 0-0 a6 14. Qg3 c4 15. Be2 Qa5 16. Bf4 Qxa2 17. Rb6 Qxc2 18. Bd1 Qa2 19. Bf3 Ne7 20. Rfb1 Nf5 21. Qh2 Be7 22. Bg4 Qc2 23. R6b2 Qd3 24. Bxf5 Qxf5 25. Qg3 g5 26. Bd2 b5 27. Ra1 Rb6 28. Rba2 0-0 29. Rxa6 Rxa6 30. Rxa6 Rb8 31. Ra7 Bd8 32. Rd7 Qg6 33. Kh2 h6 34. Qf3 Ba5 35. g3 b4 36. cxb4 Bxb4 37. Be3 Rc8 38. Qd1 Qf5 39. Rb7 Bf8 40. g4 Qe4 41. Kg3 Ra8 42. Qc1 Ra3 43. Rb8 Rd3 44. h4 Qxd4 45. Kh3 Qxe5 46. Qb1 Kg7 47. hxg5 hxg5 48. Rc8 Bd6 49. Qh1 Rxe3+ 0-1

[Event "Novi Sad-Turkey"]
[Site "Novi Sad"]
[Date "2018.11.18"]
[Round "2"]
[White "Remecki, Sinisa"]
[Black "Ozsoy, Alimert"]
[Result "1/2-1/2"]
[WhiteElo "2257"]
[BlackElo "2079"]
[PlyCount "124"]
[EventDate "2018.11.17"]
[EventType "schev"]
[EventRounds "10"]
[EventCountry "SRB"]
[SourceTitle "CBM 187 Extra"]
[Source "ChessBase"]
[SourceDate "2018.11.04"]
[SourceVersion "1"]
[SourceVersionDate "2018.11.04"]
[SourceQuality "1"]

1. d4 d5 2. Nc3 Nf6 3. Bg5 e6 4. e4 dxe4 5. Nxe4 Be7 6. Bxf6 Bxf6 7. Nf3 Nd7 8. Bd3 b6 9. Qe2 Bb7 10. 0-0-0 a6 11. h4 Be7 12. Ne5 Nxe5 13. dxe5 Qd5 14. Nc3 Qa5 15. Be4 Bxe4 16. Qxe4 0-0 17. Rd7 Bb4 18. Nb1 Rad8 19. Rhd1 Rxd7 20. Rxd7 Qb5 21. Rd3 f5 22. exf6 Rxf6 23. a4 Qa5 24. Rf3 Rxf3 25. gxf3 Bd6 26. Qxe6+ Kf8 27. Nc3 Qe5 28. Qc8+ Ke7 29. Kb1 Qe1+ 30. Ka2 Qe6+ 31. Qxe6+ Kxe6 32. Ne4 Be7 33. Kb3 Bxh4 34. Kc4 Be7 35. Kd3 h5 36. Ng3 h4 37. Nh5 Bd6 38. Ke4 g5 39. f4 g4 40. Ng7+ Kf6 41. Nf5 h3 42. Ne3 Kg6 43. Nxg4 Kh5 44. Kf3 Kh4 45. Ne5 b5 46. b3 c5 47. c4 bxc4 48. bxc4 a5 49. Nc6 Bc7 50. Ne7 Bb8 51. Nf5+ Kh5 52. Ng3+ Kh4 53. Ne4 h2 54. Kg2 Bxf4 55. Nxc5 Kg4 56. Na6 Kf5 57. Nc5 Bd6 58. Nb3 Bc7 59. Nd4+ Ke4 60. Nc6 Kd3 61. c5 Kc4 62. Nxa5+ Bxa5 1/2-1/2